Say what you mean; T2 The paragraph

में बचाया:
ग्रंथसूची विवरण
मुख्य लेखक: John Gehlmann
स्वरूप: पुस्तक
भाषा:Undetermined
प्रकाशित: New York Odyssey 1968
विषय:
टैग : टैग जोड़ें
कोई टैग नहीं, इस रिकॉर्ड को टैग करने वाले पहले व्यक्ति बनें!
Thư viện lưu trữ: Trung tâm Học liệu Trường Đại học Cần Thơ
LEADER 00493nam a2200181Ia 4500
001 CTU_333
008 210402s9999 xx 000 0 und d
082 |a 428 
082 |b G311/T2 
100 |a John Gehlmann 
245 0 |a Say what you mean; T2 
245 4 |b The paragraph 
245 0 |c John Gehlmann, Philip Eisman 
260 |a New York 
260 |b Odyssey 
260 |c 1968 
650 |a english language - study and teaching 
980 |a Trung tâm Học liệu Trường Đại học Cần Thơ